La mujer casada en la Nueva España de la Ilustración (Record no. 177859)

MARC details
000 -LEADER
campo de control de longitud fija 01486nam a2200361 i 4500
001 - NÚMERO DE CONTROL
campo de control 177859
003 - IDENTIFICADOR DE NÚMERO DE CONTROL
campo de control ES-MaACL
005 - FECHA Y HORA DE LA ÚLTIMA TRANSACCIÓN
campo de control 20250807213136.0
008 - DATOS DE LONGITUD FIJA--INFORMACIÓN GENERAL
campo de control de longitud fija 110503s2009 sp a |||| | spa d
017 ## - NÚMERO DE COPYRIGHT O DE DEPÓSITO LEGAL
Número de copyright o de depósito legal As-5.930-2009
020 ## - NÚMERO INTERNACIONAL ESTÁNDAR DEL LIBRO
Número Internacional Estándar del Libro 9788493617165
080 ## - NÚMERO DE LA CLASIFICACIÓN DECIMAL UNIVERSAL
Número de la Clasificación Decimal Universal 821.134.2(72) Fernández de Lizardi, José Joaquín 1.07
080 ## - NÚMERO DE LA CLASIFICACIÓN DECIMAL UNIVERSAL
Número de la Clasificación Decimal Universal 308-055.2-058.833(72)"17"
080 ## - NÚMERO DE LA CLASIFICACIÓN DECIMAL UNIVERSAL
Número de la Clasificación Decimal Universal 308-055.2-058.833(0:82)
100 1# - ENTRADA PRINCIPAL--NOMBRE DE PERSONA
Nombre de persona Insúa Cereceda, Mariela.
9 (RLIN) 146340
245 13 - MENCIÓN DEL TÍTULO
Título La mujer casada en la Nueva España de la Ilustración
Resto del título : la obra de José Joaquín Fernández de Lizardi /
Mención de responsabilidad, etc. Mariela Insúa.
260 ## - PUBLICACIÓN, DISTRIBUCIÓN, ETC.
Lugar de publicación, distribución, etc. Gijón :
Nombre del editor, distribuidor, etc. Fundación Foro Jovellanos del Principado de Asturias,
Fecha de publicación, distribución, etc. 2009.
300 ## - DESCRIPCIÓN FÍSICA
Extensión 282 p. :
Otras características físicas il. ;
Dimensiones 24 cm.
490 1# - MENCIÓN DE SERIE
Mención de serie Cuadernos de investigación.
-- Monografías ;
Designación de volumen o secuencia 8
500 ## - NOTA GENERAL
Nota general Índice.
504 ## - NOTA DE BIBLIOGRAFÍA, ETC.
Nota de bibliografía, etc. Bibliografía: p. [253]-271.
586 8# - NOTA DE PREMIOS
Nota de premios XI Premio Internacional de Investigación Fundación Foro Jovellanos del Principado de Asturias, 2009
600 17 - PUNTO DE ACCESO ADICIONAL DE MATERIA--NOMBRE DE PERSONA
Nombre de persona Fernández de Lizardi, José Joaquín.
9 (RLIN) 49684
650 #7 - PUNTO DE ACCESO ADICIONAL DE MATERIA--TÉRMINO DE MATERIA
Término de materia o nombre geográfico como elemento de entrada Mujeres-
Subdivisión geográfica México-
Subdivisión general Situación social
Fuente del encabezamiento o término
9 (RLIN) 167790
650 #7 - PUNTO DE ACCESO ADICIONAL DE MATERIA--TÉRMINO DE MATERIA
Término de materia o nombre geográfico como elemento de entrada Mujeres-
Subdivisión general En la literatura.
9 (RLIN) 15271
710 2# - ENTRADA AGREGADA--NOMBRE DE ENTIDAD CORPORATIVA
Nombre de entidad corporativa o nombre de jurisdicción como elemento de entrada Fundación Foro Jovellanos del Principado de Asturias.
9 (RLIN) 4306
830 1# - PUNTO DE ACCESO ADICIONAL DE SERIE-TÍTULO UNIFORME
Título uniforme Cuadernos de investigación.
-- Monografías ;
Designación de volumen o secuencia 8
9 (RLIN) 189280
852 ## - LOCALIZACIÓN
Ubicación ES-MaACL
itemnumber R.146930
Signatura antigua Olim:N-4130
Número de control de estantería A-11125
Ubicación en estantería Depósito 1
901 ## - NOMBRE PERSONAL DE POSESOR
e Donante
942 ## - ELEMENTOS DE ENTRADA SECUNDARIOS (KOHA)
Fuente del sistema de clasificación o colocación Clasificación decimal universal
Tipo de ítem Koha Libro impreso
Holdings
Estatus retirado Estado de pérdida Fuente del sistema de clasificación o colocación Estado de daño No para préstamo Biblioteca de origen Biblioteca actual Ubicación en estantería Fecha de adquisición Fuente de adquisición Total de préstamos Signatura topográfica completa Código de barras Visto por última vez Precio de reemplazo Tipo de ítem Koha
    Clasificación decimal universal     Biblioteca del Ateneo de Madrid Biblioteca del Ateneo de Madrid Depósito 1 03/05/2011 Donación   A-11125 1186845 23/02/2023 23/02/2023 Libro impreso